Tree crop physiology (Record no. 44990)

MARC details
000 -LEADER
fixed length control field 00695nam a2200277Ia 4500
082 ## - DEWEY DECIMAL CLASSIFICATION NUMBER
Classification number 581.1:633
Item number SET;1
100 ## - MAIN ENTRY--AUTHOR NAME
Personal name Raghavendra, A S
245 #0 - TITLE STATEMENT
Title Tree crop physiology
260 ## - PUBLICATION, DISTRIBUTION, ETC. (IMPRINT)
Place of publication Amsterdam
Name of publisher Elsevier
Year of publication 1987
490 ## - SERIES STATEMENT
Series statement Developments in agricultural and managed forest ecology 8
650 ## - SUBJECT ADDED ENTRY--TOPICAL TERM
Topical Term Cocoa
650 ## - SUBJECT ADDED ENTRY--TOPICAL TERM
Topical Term Coconut
650 ## - SUBJECT ADDED ENTRY--TOPICAL TERM
Topical Term Coffee
650 ## - SUBJECT ADDED ENTRY--TOPICAL TERM
Topical Term Crop physiology
650 ## - SUBJECT ADDED ENTRY--TOPICAL TERM
Topical Term Leaf photosynthetic rate
650 ## - SUBJECT ADDED ENTRY--TOPICAL TERM
Topical Term Leucaena
650 ## - SUBJECT ADDED ENTRY--TOPICAL TERM
Topical Term Mango
650 ## - SUBJECT ADDED ENTRY--TOPICAL TERM
Topical Term Manilkara sp
650 ## - SUBJECT ADDED ENTRY--TOPICAL TERM
Topical Term Oil palm
650 ## - SUBJECT ADDED ENTRY--TOPICAL TERM
Topical Term Rubber
650 ## - SUBJECT ADDED ENTRY--TOPICAL TERM
Topical Term Tea
650 ## - SUBJECT ADDED ENTRY--TOPICAL TERM
Topical Term Water relations
700 ## - ADDED ENTRY--PERSONAL NAME
Personal name Sethuraj, M R
942 ## - ADDED ENTRY ELEMENTS (KOHA)
Koha item type Books
Holdings
Withdrawn status Lost status Damaged status Not for loan Collection code Home library Current library Date acquired Full call number Accession Number Koha item type
      Reference Out of station RRII Library RRII Library 16/12/2021 581.1:633 SET;1 Z00138 Books